000 00625nam a2200193Ia 4500
003 GCL
008 140319s9999 xx 000 0 ara d
020 _a9599901977
040 _aGCL /
_cGCL
082 0 4 _a709.2
_bج ص
100 1 _aجيلان حمزه
245 1 0 _aصلاح طاهر :
_bفيلسوف الالوان /
_cجيلان حمزه
260 _aالقاهرة :
_bالهيئة المصرية العامة للكتاب ،
_c1999
300 _a134 ص ؛
_c16 سم
650 0 4 _aالفنانون المصريون
650 0 4 _aالرسامون المصريون
650 0 4 _aصلاح طاهر
942 _2ddc
_cBK
999 _c8738
_d8738